| 000 | 00784nam a2200265 i 4500 | ||
|---|---|---|---|
| 001 | 000048991 | ||
| 003 | DO-SdBNP | ||
| 005 | 20251029142340.0 | ||
| 007 | ta | ||
| 008 | 190712s2009 dr r 000 0 spa d | ||
| 040 |
_aDO-SdBNP _bspa _cBNPHU _erda |
||
| 041 | _aspa | ||
| 082 |
_axxxx _bR426i _222 |
||
| 110 |
_aRepública Dominicana. _bSecretaria de Estado de Educación _9607 |
||
| 245 | 0 | 0 |
_aIndicadores de logro : _bprimer grado. |
| 264 |
_aSanto Domingo : _bSecretaría de Estdo de Educación, _c2009. |
||
| 300 |
_a55 páginas ; _c27 cm. |
||
| 336 |
_ardacontent _btexto _2txt |
||
| 337 |
_ardamedia _bsin mediación _2n |
||
| 338 |
_ardacarrier _bvolumen _2nc |
||
| 504 | _aBibliografía : p. 34-40 | ||
| 590 | _aInventariado, 2019/BT | ||
| 910 | _aBT | ||
| 942 |
_2ddc _cLBS1 |
||
| 999 |
_c48479 _d48479 |
||